000 00400nam a22001697a 4500
003 macl
005 20160114142807.0
008 160114b xxu||||| |||| 00| 0 eng d
040 _cmacl
041 _aEnglish
082 _a920/GUP
100 _aGupta Vineet
_932261
245 _aWho Makes India Proud
260 _aNew Delhi
_bAngel Books
_c2012
650 _aBiography
_932262
942 _2ddc
_cBK
999 _c52237
_d52237